00838nam a2200241 i 450000100060000000300090000600500170001500700030003200800410003502000180007608000260009408000220012010000300014224501020017226000480027430000390032260000360036161000490039771000300044671000320047674000540050885200340056213527ES-MaACL20250822062525.0t|980428s1994 sp ||||1| spa d a84-89114-00-5 a75 Goya, Francisco de a726.54(460.27 M.)1 aRivas Capelo, Mª José.10aFrescos de Goya b: guía de la ermita de San Antonio de la Florida / cMª José Rivas Capelo. aMadrid : bMuseos Municipales, cD.L. 1994. a40 p. : bil. col. y n. ; c24 cm.14aGoya, Francisco de, d1746-182827aErmita de San Antonio de la Florida (Madrid)2 aMuseo Municipal de Madrid2 aMuseos Municipales (Madrid)0 aGuía de la ermita de San Antonio de la Florida. aES-MaACLj2152-F-5 bR.126542